00594nam a2200205Ia 4500003000400000005001700004008004100021020001900062040000700081041000800088082001300096100002200109245002900131260003700160300000900197650002200206942001300228999001900241952012800260OSt20250821155404.0250729s2004 xx 000 0 und d a978-8174884978 cAL aeng a370 MANT aNanda V K9221711 aTeaching in urban school aNew DelhibAnmol Publisherc2004 a240p aEducation9221712 2ddccBED c235141d235141 00104070aALbALd2025-07-29eSita Book Houseg130.00l0o370 MANTpBED00460r2025-07-29 16:53:45v130.00w2025-07-29yBK